| 000 | 00352nam a2200145Ia 4500 | ||
|---|---|---|---|
| 005 | 20250508025001.0 | ||
| 008 | 240331s9999 xx 000 0 und d | ||
| 082 |
_bASO _a894 |
||
| 100 | _aAsoka, M | ||
| 245 | 0 | _aUravai theede | |
| 260 |
_aColombo _bMeera Pathippakam _c2002 |
||
| 300 | _a96 p ., | ||
| 500 | _aA Collection of Short Stories | ||
| 942 | _cL | ||
| 999 |
_c4377 _d4377 |
||